Logo BPK

Biblioteka

Politechniki Koszalińskiej

Technika sanitarna / (Rekord nr 7040)

Szczegóły MARC
000 -ETYKIETA REKORDU
podpole kontrolne o stałej długości 00476nam a2200181 i 4500
001 - NUMER KONTROLNY REKORDU
pole kontrolne bg
040 ## - ŹRÓDŁO KATALOGOWANIA
Instytucja, która utworzyła rekord BPK
041 ## - KOD JĘZYKA
Kod języka tekstu pol
080 ## - UNIWERSALNA KLASYFIKACJA DZIESIĘTNA - UKD
UKD 614:628
008 - POLE O STAŁEJ DŁUGOŚCI - DANE KONTROLNE
podpole kontrolne o stałej długości s pl f |000 0 pol
100 1# - NAZWA OSOBOWA
Nazwa osobowa GOLISZEWSKI, Jerzy
245 #0 - TYTUŁ/ODPOWIEDZIALNOŚĆ
Tytuł Technika sanitarna /
Pozostałe elementy strefy tytułu i oznaczenia odpowiedzialności Jerzy Goliszewski.
250 ## - STREFA WYDANIA
Oznaczenie wydania Wyd. 2 uzup.
260 ## - STREFA ADRESU WYDAWNICZEGO
Miejsce wydania Poznań :
Nazwa wydawcy/dystrybutora Państw. Wydawn. Nauk.,
Data publikacji, dystrybucji/powstania dokumentu 1956.
300 ## - STREFA OPISU FIZYCZNEGO
Objętość s. 556, nlb. 2 :
Inne cechy fizyczne rys., tab.
504 ## - UWAGA DOTYCZĄCA BIBLIOGRAFII
Informacje o bibliografii [Zawiera bibliogr. s. 544-546].
856 ## - LOKALIZACJA I DOSTĘP DO ELEKTRONICZNYCH DOKUMENTÓW ZDALNYCH
Link (URL) http://koha.tu.koszalin.pl/cgi-bin/koha/opac-detail.pl?biblionumber=7040
Tekst linku Katalog online BPK
942 ## - DODATKOWE ELEMENTY (KOHA)
Typ dokumentu Książka
Egzemplarze
Wycofany Status egzemplarza Uszkodzony Dostępność Lokalizacja stała Lokalizacja bieżąca Miejsce przechowywania Sygnatura Kod kreskowy Typ dokumentu
      Dostępny Biblioteka Politechniki Koszalińskiej Biblioteka Politechniki Koszalińskiej Wypożyczalnia BG P 1078 01794625 Książka
© 2023 Biblioteka Politechniki Koszalińskiej :: KOHA